Подробности
| 000 -МАРКЕР |
| контрольное поле |
02201nam0a2200349 4500 |
| 001 - ИДЕНТИФИКАТОР ЗАПИСИ |
| контрольное поле |
RU\NLR\BIBL_A\011457816 |
| 005 - ИДЕНТИФИКАТОР ВЕРСИИ |
| контрольное поле |
20250626071556.0 |
| 020 ## - НОМЕР ДОКУМЕНТА В НАЦИОНАЛЬНОЙ БИБЛИОГРАФИИ |
| Код страны |
Российская Федерация |
| Номер |
7115 |
| Основное заглавие издания Российской книжной палаты |
Сводный каталог листовок первых лет Советской власти (25 октября (7 ноября) 1917 - 1925) Т.4 (Ч.1). Листовки советских, партийных, профсоюзных, комсомольских и других организаций губерний РСФСР |
| 035 ## - ДРУГИЕ СИСТЕМНЫЕ НОМЕРА |
| Идентификатор записи |
(NLR Aleph) 011457816 |
| 100 ## - ДАННЫЕ ОБЩЕЙ ОБРАБОТКИ |
| Данные общей обработки |
20170818j19200911|||y0rusy50 ca |
| 101 0# - ЯЗЫК РЕСУРСА |
| Язык текста, звукозаписи и т.д. |
русский |
| 102 ## - СТРАНА ПУБЛИКАЦИИ ИЛИ ПРОИЗВОДСТВА |
| Страна публикации |
Российская Федерация |
| 105 ## - ПОЛЕ КОДИРОВАННЫХ ДАННЫХ: ТЕКСТОВЫЕ МАТЕРИАЛЫ, МОНОГРАФИЧЕСКИЕ |
| Кодированные данные о монографическом текстовом документе |
y z 000zy |
| 200 1# - ЗАГЛАВИЕ И СВЕДЕНИЯ ОБ ОТВЕТСТВЕННОСТИ |
| Основное заглавие |
Всем волисполкомам, сельсоветам, кооперативам, учраскомам и проч. подотчетным Упродкому учреждениям. В. срочно. Циркулярно, 11 авг. 1920 г. № 355. г. Муром |
| Сведения, относящиеся к заглавию |
[о возврате тары |
| -- |
листовка] |
| 210 ## - ПУБЛИКАЦИЯ, РАСПРОСТРАНЕНИЕ И ДР. |
| Место издания, распространения и т.д. |
[Муром] |
| Имя издателя, распространителя и т. д. |
тип. № 10 |
| Дата издания, распространения и т.д. |
1920, сент. 11 |
| 215 ## - ФИЗИЧЕСКАЯ ХАРАКТЕРИСТИКА |
| Специфическое обозначение материала и объем |
1 с. |
| Размеры |
17х14 |
| 300 ## - ОБЩИЕ ПРИМЕЧАНИЯ |
| Текст примечания |
В надзаг.: РСФСР. Муромский уезд. прод. ком. Упр. отд. "Заготосель" |
| 300 ## - ОБЩИЕ ПРИМЕЧАНИЯ |
| Текст примечания |
Подписи: за комиссара Упродкома Храменко; завед. Отдел. заготосель С. Грачев |
| 517 1# - ДРУГИЕ ВАРИАНТЫ ЗАГЛАВИЯ |
| Вариант заглавия |
О возврате тары |
| 607 ## - ГЕОГРАФИЧЕСКОЕ НАИМЕНОВАНИЕ КАК ПРЕДМЕТ |
| Географическое наименование |
РСФСР |
| Формальный подзаголовок |
Листовки |
| Тематический подзаголовок |
Политика и управление |
| Географический подзаголовок |
1917 - 1925 |
| Системный номер авторитетной/нормативной записи |
2312782 |
| Идентификатор авторитетной/нормативной записи |
RU\NLR\auth\6601609564 |
| 686 0# - ИНДЕКСЫ ДРУГИХ КЛАССИФИКАЦИЙ |
| Индекс |
Т3(2)71-313,011 |
| 686 1# - ИНДЕКСЫ ДРУГИХ КЛАССИФИКАЦИЙ |
| Индекс |
Т3(2Р-4Вл)712-2,011 |
| 702 #1 - ИМЯ ЛИЦА - ВТОРИЧНАЯ ОТВЕТСТВЕННОСТЬ |
| Код отношения |
Подписавшее лицо |
| Начальный элемент ввода |
Храменко |
| Дополнения к именам, кроме дат |
уезд. продовольств. комиссар |
| Системный номер авторитетной/нормативной записи |
180454 |
| Идентификатор авторитетной/нормативной записи |
RU\NLR\AUTH\770180505 |
| 702 #1 - ИМЯ ЛИЦА - ВТОРИЧНАЯ ОТВЕТСТВЕННОСТЬ |
| Код отношения |
Подписавшее лицо |
| Начальный элемент ввода |
Грачев |
| Часть имени, кроме начального элемента ввода |
С. |
| Дополнения к именам, кроме дат |
зав. отделом уезд. продовольств. комитета |
| Системный номер авторитетной/нормативной записи |
180456 |
| Идентификатор авторитетной/нормативной записи |
RU\NLR\AUTH\770180507 |
| 711 02 - НАИМЕНОВАНИЕ ОРГАНИЗАЦИИ - АЛЬТЕРНАТИВНАЯ ОТВЕТСТВЕННОСТЬ |
| Начальный элемент ввода |
Муромский уездный продовольственный комитет |
| Системный номер авторитетной/нормативной записи |
572514 |
| Идентификатор авторитетной/нормативной записи |
RU\NLR\AUTH\880454549 |
| 852 00 - МЕСТОНАХОЖДЕНИЕ И ШИФР ХРАНЕНИЯ |
| Идентификатор организации |
NLR |
| Наименование фонда или коллекции (Sub-Location Identifier) |
ФЛ |
| Шифр хранения (Call Number) |
18/12 |
| 942 ## - ДОПОЛНИТЕЛЬНЫЕ ЭЛЕМЕНТЫ ЗАПИСИ (АБИС) |
| Тип экземпляра АБИС |
Книга |
| 980 ## - КОЛЛЕКЦИЯ |
| Название коллекции |
Национальная библиография |